000 00337nam a2200109Ia 4500
008 171211s9999 xx 000 0 und d
245 4 _aThe Britannica Guide to the 100 Most Influential Americans
245 _cBritannica
260 _c2008
650 _xEncyclopedia and Dictionary
856 _uhttp://down.ebook777.com/054/1845298020.pdf
999 _c350210
_d350210